Rural Marketing

Salvato in:
Dettagli Bibliografici
Altri autori: Verma, Sawalia Bihari, Narayan, Madhusudan, Thryambakam, Potukuchi
Natura: Libro
Lingua:inglese
Pubblicazione: Jodhpur Scientific Publishers 2014
Soggetti:
Tags: Aggiungi Tag
Nessun Tag, puoi essere il primo ad aggiungerne!!

MARC

LEADER 00000nam a2200000 4500
001 0237469
005 20240314085925.2
020 |a 978-81-7233-915-9 
041 0 |a eng 
044 |a IN 
245 1 0 |a Rural Marketing  |c Editors: Sawalia Bihari Verma, Madhusudan Narayan, Potukuchi Thryambakam 
264 1 |a Jodhpur  |b Scientific Publishers  |c 2014 
300 |a 449 s. 
610 2 0 |a marketing 
610 2 0 |a vidiek 
610 2 0 |a vývoj 
610 2 0 |a prognózy 
610 2 0 |a stratégia podniková 
610 2 0 |a vzdelanie 
610 2 0 |a technológie informačné 
610 2 0 |a komunikácia 
610 2 0 |a podnikanie 
610 2 0 |a konkurencieschopnosť 
610 2 0 |a marketing sociálny 
610 2 0 |a internet 
610 2 0 |a spotrebitelia 
610 2 0 |a služby bankové 
610 2 0 |a blahobyt 
610 2 0 |a trh 
610 2 0 |a India 
700 1 |a Verma, Sawalia Bihari 
700 1 |a Narayan, Madhusudan 
700 1 |a Thryambakam, Potukuchi